000
00267nam a22001217a 4500
082
_a
823
_b
KUN/A
100
_a
KUNWAR, ANIL K
245
_a
AESOP'S STORIES
260
_a
DELHI
_b
MANOJ PUBLICATIONS
_c
2003
300
_a
176
650
_a
ENGLISH STORY
_z
INDIA
942
_c
BK
999
_c
7399
_d
7399